|
|
|
|
| LEADER |
00000nam0a2200000 4500 |
| 001 |
107627 |
| 005 |
20231101214738.0 |
| 035 |
|
|
|a (RuTPU)RU\TPU\book\116189
|
| 090 |
|
|
|a 107627
|
| 100 |
|
|
|a 20061227d1970 m y0rusy50 ca
|
| 101 |
0 |
|
|a rus
|
| 102 |
|
|
|a RU
|
| 105 |
|
|
|a y j 000zy
|
| 200 |
1 |
|
|a Спектральные методы анализа
|e учебно-методическое пособие
|f Р. Д. Глуховская
|g Томский политехнический институт
|
| 210 |
|
|
|a Томск
|c Изд-во ТПУ
|d 1970
|
| 215 |
|
|
|a 43 с.
|
| 606 |
1 |
|
|a Спектральный анализ
|2 stltpush
|3 (RuTPU)RU\TPU\subj\67783
|9 83449
|
| 610 |
1 |
|
|a химия
|
| 610 |
1 |
|
|a аналитическая химия
|
| 610 |
1 |
|
|a спектральные методы
|
| 610 |
1 |
|
|a спектральный анализ
|
| 610 |
1 |
|
|a учебные пособия
|
| 675 |
|
|
|a 543.42(07)
|v 3
|
| 700 |
|
1 |
|a Глуховская
|b Р. Д.
|
| 712 |
0 |
2 |
|a Томский политехнический институт
|z 1944-1991
|2 stltpush
|3 (RuTPU)RU\TPU\col\1123
|
| 801 |
|
1 |
|a RU
|b 63413507
|c 20061227
|g PSBO
|
| 801 |
|
2 |
|a RU
|b 63413507
|c 20210322
|g PSBO
|
| 942 |
|
|
|c BK
|